| 000 | 01027nam a2200301 i 4500 | ||
|---|---|---|---|
| 001 | 000044831 | ||
| 003 | DO-SdBNP | ||
| 005 | 20250501115047.0 | ||
| 007 | ta | ||
| 008 | 150113s2014 dr 000 0 spa d | ||
| 020 | _a9789945590012 | ||
| 040 |
_aDO-SdBNP _bspa _cBNPHU _erda |
||
| 082 | 4 |
_a346.72930482 _bA636d _222 |
|
| 245 | 0 | 0 |
_aAnuario dominicano de propiedad intelectual : 2014 / _ceditora, Ana Carolina Blanco. |
| 264 |
_aSanto Domingo : _bFunglode, _c2014. |
||
| 300 |
_a270 páginas ; _c23 cm. |
||
| 336 |
_2rdacontent _atexto _btxt |
||
| 337 |
_2rdamedia _asin mediación _bn |
||
| 338 |
_2rdacarrier _avolumen _bnc |
||
| 500 | _aIncluye referencias bibliográficas y notas al píe de las páginas | ||
| 504 | _aBibliografía : p. 269-270 | ||
| 590 | _aInventariado, 2023/MFF | ||
| 650 | 0 |
_aPropiedad intelectual _947209 |
|
| 650 | 4 |
_aDerechos de autor _zRepública Dominicana _917211 |
|
| 700 | 1 |
_aBlanco, Ana Carolina, _eeditora _972849 |
|
| 910 | _aValidado. Control de calidad MFF | ||
| 942 |
_2ddc _cLBS1 |
||
| 999 |
_c44320 _d44320 |
||